<?xml version="1.0" encoding="UTF-8"?>
<record
    xmlns:xsi="http://www.w3.org/2001/XMLSchema-instance"
    xsi:schemaLocation="http://www.loc.gov/MARC21/slim http://www.loc.gov/standards/marcxml/schema/MARC21slim.xsd"
    xmlns="http://www.loc.gov/MARC21/slim">

  <leader>01125nam a2200217Ia 4500</leader>
  <datafield tag="952" ind1=" " ind2=" ">
    <subfield code="0">0</subfield>
    <subfield code="1">0</subfield>
    <subfield code="4">0</subfield>
    <subfield code="7">0</subfield>
    <subfield code="a">03</subfield>
    <subfield code="b">03</subfield>
    <subfield code="d">2001-05-15</subfield>
    <subfield code="l">3</subfield>
    <subfield code="o">KGF409 R36 1981</subfield>
    <subfield code="p">03 000316</subfield>
    <subfield code="r">2017-08-05</subfield>
    <subfield code="s">2017-08-03</subfield>
    <subfield code="t">1</subfield>
    <subfield code="w">2012-07-20</subfield>
    <subfield code="y">LB</subfield>
  </datafield>
  <datafield tag="999" ind1=" " ind2=" ">
    <subfield code="c">78605</subfield>
    <subfield code="d">78605</subfield>
  </datafield>
  <controlfield tag="005">20231102151239.0</controlfield>
  <controlfield tag="008">120720s1981    mx            000 0 spa d</controlfield>
  <datafield tag="050" ind1=" " ind2=" ">
    <subfield code="a">KGF409</subfield>
    <subfield code="b">R36 1981</subfield>
  </datafield>
  <datafield tag="100" ind1="1" ind2=" ">
    <subfield code="a">Ram&#xED;rez Valenzuela, Alejandro</subfield>
    <subfield code="e">autor</subfield>
  </datafield>
  <datafield tag="245" ind1=" " ind2=" ">
    <subfield code="a">Derecho Civil</subfield>
    <subfield code="c"> / Alejandro Ram&#xED;rez Valenzuela</subfield>
  </datafield>
  <datafield tag="260" ind1=" " ind2=" ">
    <subfield code="a">M&#xE9;xico</subfield>
    <subfield code="b"> : Editora Nacional</subfield>
    <subfield code="c">, 1981</subfield>
  </datafield>
  <datafield tag="300" ind1=" " ind2=" ">
    <subfield code="a">179 p&#xE1;ginas</subfield>
  </datafield>
  <datafield tag="336" ind1=" " ind2=" ">
    <subfield code="a">texto</subfield>
  </datafield>
  <datafield tag="337" ind1=" " ind2=" ">
    <subfield code="a">sin medio</subfield>
  </datafield>
  <datafield tag="338" ind1=" " ind2=" ">
    <subfield code="a">volumen</subfield>
  </datafield>
  <datafield tag="504" ind1=" " ind2=" ">
    <subfield code="a">Incluye: bibliograf&#xED;a (p. 179)</subfield>
  </datafield>
  <datafield tag="505" ind1=" " ind2=" ">
    <subfield code="a">El derecho - generalidades
Hechos y actos jur&#xED;dicos
Clasificaci&#xF3;n del derecho
El derecho civil
Las personas
La patria protestad
La tutela y la emancipaci&#xF3;n
Ausentes o ignorados
El patrimonio familiar
El parentesco
El matrimonio
El divorcio
Obligaci&#xF3;n de proporcionar alimentos
La filiaci&#xF3;n
La adopci&#xF3;n
El registro civil
Los bienes
La propiedad
Las sucesiones y la herencia
Derechos de autor
Los albaceas
Las obligaciones
Los contratos
La hipoteca - otros contratos
El registro p&#xFA;blico de la propiedad</subfield>
  </datafield>
  <datafield tag="519" ind1=" " ind2=" ">
    <subfield code="a">Material Complementario / </subfield>
    <subfield code="d">(03 000316)</subfield>
  </datafield>
  <datafield tag="650" ind1="1" ind2="4">
    <subfield code="a">DERECHO CIVIL</subfield>
    <subfield code="9">1252</subfield>
  </datafield>
  <datafield tag="942" ind1=" " ind2=" ">
    <subfield code="c">LB</subfield>
  </datafield>
</record>
